Marketing - spoločenská objednávka Činnosť, ktorá si vyžaduje systémový prístup a pozornosť
Vytváranie predpokladov pre uplatnenie marketingu ako podnikateľskej aktivity subjektu vlastníctva v prostredí trhového hospodárstva. Aplikácia marketingu vo všetkých oblastiach spoločenského života: 1. Zákaznícke služby, t.j. všetky aktivity predávajúceho vo vzťahu k zákazníkovi. 2. Ponuka tovaru a...
Salvato in:
| Autore principale: | |
|---|---|
| Natura: | Capitolo di libro |
| Lingua: | slovacco |
| Soggetti: | |
| Tags: |
Nessun Tag, puoi essere il primo ad aggiungerne!!
|
MARC
| LEADER | 00000naa a2200000 4500 | ||
|---|---|---|---|
| 001 | r016816 | ||
| 005 | 20221213100459.7 | ||
| 041 | 0 | |a slo | |
| 044 | |a SK | ||
| 245 | 1 | 0 | |a Marketing - spoločenská objednávka |b Činnosť, ktorá si vyžaduje systémový prístup a pozornosť |c R. Hölz |
| 520 | |a Vytváranie predpokladov pre uplatnenie marketingu ako podnikateľskej aktivity subjektu vlastníctva v prostredí trhového hospodárstva. Aplikácia marketingu vo všetkých oblastiach spoločenského života: 1. Zákaznícke služby, t.j. všetky aktivity predávajúceho vo vzťahu k zákazníkovi. 2. Ponuka tovaru a služieb ako súčasť predmetu podnikania prostredníctvom inzercie. 3. Konkurenčné vzťahy. 4. Bankové služby. 5.Informačné potreby. Zabezpečenie marketingového prístupu v týchto oblastiach je spoločenskou objednávkou doby. | ||
| 610 | 2 | 0 | |a marketing |
| 610 | 2 | 0 | |a podnikanie |
| 610 | 2 | 0 | |a stratégia marketingová |
| 610 | 2 | 0 | |a zákazníci |
| 610 | 2 | 0 | |a inzercia |
| 610 | 2 | 0 | |a služby bankové |
| 610 | 2 | 0 | |a konkurencia |
| 610 | 2 | 0 | |a informácie |
| 610 | 2 | 0 | |a siete počítačové |
| 100 | 1 | |a Hölz, R. | |